000 00865nam a2200265Ia 4500
003 OSt
005 20220923211131.0
006 a|||||r|||| 00| 0
007 ta
008 220922b |||||||| |||| 00| 0 hin d
020 _a8185235198
024 _a249,796
037 _cTextual
040 _aARTS
_cARTS
_bhin
041 _2hin
_ahin
082 _aO152,1N11:g, N3
100 _aत्रिपाठी, राम शंकर
_9158589
245 0 _aअज्ञेय की सौन्दर्य संसृति
246 _aAjnyeya kī saundarya sansṛuti
260 _aरोहतक
_b मंथन
_c1993
300 _a228पृ.
_ccm.
650 _aहिन्दी साहित्य
_9156264
942 _hO152,1N11:g, N3
_cTEXL
_2CC
999 _c295758
_d295758